|
|
|
|
| LEADER |
00913cam a2200265 7i4500 |
| 001 |
0000013411 |
| 005 |
20151104090000.0 |
| 005 |
##20151104114100.0 |
| 003 |
##MY-KlINT |
| 020 |
# |
# |
|a 9832957281
|
| 039 |
# |
9 |
|y 201511041141
|z VLOAD
|
| 090 |
0 |
0 |
|a 519.5
|b LAT
|
| 245 |
0 |
0 |
|a Statistics Made Simple /
|c Latifah Mohd Nor,Mat Derus,Saodah Wok,Zarinah Hamid.
|
| 250 |
# |
# |
|a Second Edition.
|
| 260 |
# |
# |
|a Kuala Lumpur:
|b IIum Press International Islamic University Malaysia,
|c 2010.
|
| 300 |
# |
# |
|a vii, 284p:
|b ill;
|c 23cm.
|
| 500 |
# |
# |
|a Includes bibliographical reference and index
|
| 650 |
# |
0 |
|a Statistics
|
| 700 |
0 |
# |
|a Alias Mat Derus
|
| 700 |
0 |
# |
|a Saodah Wok
|
| 700 |
0 |
# |
|a Zarinah Hamid
|
| 999 |
|
|
|a 1111067409
|b BOOK
|c Main Non-Fiction
|e INTAN BK
|
| 999 |
|
|
|a 1111067410
|b BOOK
|c Main Non-Fiction
|e INTAN BK
|
| 999 |
|
|
|a 1111067411
|b BOOK
|c Main Non-Fiction
|e INTAN BK
|
| 999 |
|
|
|a 1111067412
|b BOOK
|c Main Non-Fiction
|e INTAN BK
|